[Event "(QRT)"]
[Site ""]
[Date "1970-01-01"]
[Round "4.15"]
[White "Herrera Reyes Jose Antonio"]
[Black "Prraneeth Vuppala"]
[Result "*"]
[WhiteTitle "FM"]
[WhiteElo "2333"]
[WhiteCountry "ESP"]
[WhiteFideId "2274914"]
[BlackTitle "CM"]
[BlackElo "1628"]
[BlackCountry "IND"]
[BlackFideId "46622373"]

1. Nf3 {[%clk 00:15:06]} d5 {[%clk 00:15:08]} 2. g3 {[%clk 00:15:09]} g6 {[%clk 00:15:10]} 3. Bg2 {[%clk 00:15:13]} Bg7 {[%clk 00:15:13]} 4. d3 {[%clk 00:15:16]} e5 {[%clk 00:15:16]} 5. h4 {[%clk 00:15:09]} h6 {[%clk 00:15:02]} 6. Nc3 {[%clk 00:15:08]} Ne7 {[%clk 00:14:40]} 7. O-O {[%clk 00:15:06]} Nbc6 {[%clk 00:14:03]} 8. e4 {[%clk 00:15:05]} d4 {[%clk 00:13:22]} 9. Ne2 {[%clk 00:15:08]} Be6 {[%clk 00:13:15]} 10. c3 {[%clk 00:15:07]} Qd7 {[%clk 00:12:34]} 11. cxd4 {[%clk 00:15:09]} exd4 {[%clk 00:12:36]} 12. Nf4 {[%clk 00:14:35]} Bg4 {[%clk 00:10:53]} 13. Nd5 {[%clk 00:14:18]} Nxd5 {[%clk 00:10:22]} 14. exd5 {[%clk 00:14:21]} Ne7 {[%clk 00:10:15]} 15. Qb3 {[%clk 00:13:22]} O-O {[%clk 00:09:42]} 16. Re1 {[%clk 00:12:57]} Bxf3 {[%clk 00:06:15]} 17. Bxf3 {[%clk 00:13:01]} Rfd8 {[%clk 00:06:06]} 18. d6 {[%clk 00:12:06]} Qxd6 {[%clk 00:05:09]} 19. Bf4 {[%clk 00:12:10]} Qd7 {[%clk 00:04:18]} 20. Qxb7 {[%clk 00:12:08]} Nd5 {[%clk 00:04:13]} 21. Bxd5 {[%clk 00:12:06]} Qxd5 {[%clk 00:04:17]} 22. Qxc7 {[%clk 00:12:08]} Rac8 {[%clk 00:03:41]} 23. Qxa7 {[%clk 00:12:07]} g5 {[%clk 00:03:40]} 24. hxg5 {[%clk 00:11:49]} hxg5 {[%clk 00:03:44]} 25. Bd2 {[%clk 00:11:52]} Qf3 {[%clk 00:03:08]} 26. Bxg5 {[%clk 00:11:23]} Rc2 {[%clk 00:03:00]} 27. Rf1 {[%clk 00:11:16]} Rd5 {[%clk 00:02:44]} 28. Qa8+ {[%clk 00:11:16]} Kh7 {[%clk 00:02:47]} 29. Rac1 {[%clk 00:11:01]} Rxb2 {[%clk 00:02:28]} 30. a4 {[%clk 00:11:04]} Ra2 {[%clk 00:01:05]} 31. Bf4 {[%clk 00:10:58]} Rxa4 {[%clk 00:01:02]} 32. Qc6 {[%clk 00:10:56]} Ra6 {[%clk 00:00:58]} 33. Qe8 {[%clk 00:09:32]} Re6 {[%clk 00:00:53]} 34. Qa8 {[%clk 00:09:34]} Rf6 {[%clk 00:00:20]} 35. Rc5 {[%clk 00:09:30]} Rff5 {[%clk 00:00:15]} 36. Rxd5 {[%clk 00:09:24]} Rxd5 {[%clk 00:00:18]} 37. Re1 {[%clk 00:09:12]} Qh5 {[%clk 00:00:12]} 38. Kg2 {[%clk 00:09:16]} Qf5 {[%clk 00:00:10]} 39. Rh1+ {[%clk 00:09:09]} Kg6 {[%clk 00:00:14]} 40. Qc6+ {[%clk 00:09:12]} Qe6 {[%clk 00:00:12]} 41. Qc1 {[%clk 00:08:51]} Rb5 {[%clk 00:00:13]} 42. Qd1 {[%clk 00:08:28]} Qd5+ {[%clk 00:00:15]} 43. Kg1 {[%clk 00:08:17]} Qf5 {[%clk 00:00:15]} 44. Rh4 {[%clk 00:08:15]} Ra5 {[%clk 00:00:16]} 45. Rg4+ {[%clk 00:08:15]} Kh7 {[%clk 00:00:15]} 46. Rg5 {[%clk 00:08:18]} Qxg5 {[%clk 00:00:15]} 47. Bxg5 {[%clk 00:08:22]} Rxg5 {[%clk 00:00:19]} 48. Qf3 {[%clk 00:08:26]} Kg6 {[%clk 00:00:21]} 49. Qe4+ {[%clk 00:08:29]} f5 {[%clk 00:00:21]} 50. Qe8+ {[%clk 00:08:23]} Kh7 {[%clk 00:00:23]} 51. Kg2 {[%clk 00:08:26]} Rg6 {[%clk 00:00:26]} 52. f4 {[%clk 00:08:26]} Rf6 {[%clk 00:00:23]} 53. Kf3 {[%clk 00:08:30]} Kh6 {[%clk 00:00:24]} 54. Qd7 {[%clk 00:08:33]} Rf8 {[%clk 00:00:25]} 55. Kg2 {[%clk 00:08:17]} Kg6 {[%clk 00:00:27]} 56. Qe6+ {[%clk 00:08:20]} Bf6 {[%clk 00:00:30]} 57. Kf3 {[%clk 00:08:19]} Rb8 {[%clk 00:00:31]} 58. g4 {[%clk 00:08:18]} fxg4+ {[%clk 00:00:27]} 59. Qxg4+ {[%clk 00:08:21]} Kf7 {[%clk 00:00:27]} 60. Qd7+ {[%clk 00:08:22]} Kg6 {[%clk 00:00:28]} 61. Kg4 {[%clk 00:08:25]} Ra8 {[%clk 00:00:12]} 62. Qf5+ {[%clk 00:08:14]} Kg7 {[%clk 00:00:14]} 63. Qd7+ {[%clk 00:08:15]} Kg6 {[%clk 00:00:15]} 64. f5+ {[%clk 00:08:13]} Kh6 {[%clk 00:00:18]} 65. Qf7 {[%clk 00:08:16]} *

[Event "(QRT)"]
[Site ""]
[Date "1970-01-01"]
[Round "4.18"]
[White "Pernutz Hans-Gerhard"]
[Black "Sahithi Varshini M"]
[Result "*"]
[WhiteTitle ""]
[WhiteElo "2049"]
[WhiteCountry "GER"]
[WhiteFideId "4606620"]
[BlackTitle "WIM"]
[BlackElo "1392"]
[BlackCountry "IND"]
[BlackFideId "45095248"]

1. e4 {[%clk 00:15:07]} c5 {[%clk 00:15:08]} 2. Nf3 {[%clk 00:15:09]} d6 {[%clk 00:15:11]} 3. d4 {[%clk 00:15:12]} cxd4 {[%clk 00:15:14]} 4. Nxd4 {[%clk 00:15:16]} Nf6 {[%clk 00:15:18]} 5. Nc3 {[%clk 00:15:19]} a6 {[%clk 00:15:22]} 6. Bc4 {[%clk 00:15:20]} e6 {[%clk 00:15:24]} 7. Be3 {[%clk 00:15:22]} b5 {[%clk 00:15:25]} 8. Bd3 {[%clk 00:15:23]} Bb7 {[%clk 00:15:11]} 9. f3 {[%clk 00:14:24]} Nbd7 {[%clk 00:14:40]} 10. a4 {[%clk 00:12:53]} b4 {[%clk 00:14:42]} 11. Nce2 {[%clk 00:12:54]} d5 {[%clk 00:14:42]} 12. Ng3 {[%clk 00:11:55]} Bd6 {[%clk 00:14:22]} 13. Qe2 {[%clk 00:10:40]} Bxg3+ {[%clk 00:13:26]} 14. hxg3 {[%clk 00:10:44]} dxe4 {[%clk 00:13:29]} 15. fxe4 {[%clk 00:10:39]} Nxe4 {[%clk 00:13:03]} 16. Qg4 {[%clk 00:09:59]} Ndf6 {[%clk 00:12:34]} 17. Qxg7 {[%clk 00:09:54]} Rg8 {[%clk 00:12:37]} 18. Qh6 {[%clk 00:09:57]} Rxg3 {[%clk 00:12:40]} 19. O-O-O {[%clk 00:08:08]} Qe7 {[%clk 00:10:06]} 20. Nb5 {[%clk 00:07:09]} Rg6 {[%clk 00:09:13]} 21. Qh4 {[%clk 00:04:46]} axb5 {[%clk 00:09:04]} 22. Bxb5+ {[%clk 00:04:50]} Kf8 {[%clk 00:09:01]} 23. Bh6+ {[%clk 00:02:42]} Kg8 {[%clk 00:09:04]} 24. Rd7 {[%clk 00:02:27]} Qxd7 {[%clk 00:04:30]} 25. Bxd7 {[%clk 00:02:30]} Nxd7 {[%clk 00:04:34]} 26. b3 {[%clk 00:02:18]} Rc8 {[%clk 00:04:27]} 27. Be3 {[%clk 00:02:01]} Ndf6 {[%clk 00:04:21]} 28. Bd4 {[%clk 00:01:38]} Bd5 {[%clk 00:02:11]} 29. Rh3 {[%clk 00:01:03]} Kf8 {[%clk 00:00:46]} 30. a5 {[%clk 00:01:06]} Ke7 {[%clk 00:00:47]} 31. a6 {[%clk 00:01:09]} Rxg2 {[%clk 00:00:43]} 32. a7 {[%clk 00:01:11]} Rgxc2+ {[%clk 00:00:37]} 33. Kb1 {[%clk 00:01:14]} Rc1+ {[%clk 00:00:27]} 34. Ka2 {[%clk 00:01:17]} R8c2+ {[%clk 00:00:29]} 35. Bb2 {[%clk 00:01:21]} Rf1 {[%clk 00:00:13]} 36. Rh2 {[%clk 00:01:12]} Nc3# {[%clk 00:00:15]} *

[Event "(QRT)"]
[Site ""]
[Date "1970-01-01"]
[Round "4.20"]
[White "Hanisch Sebastian Dr."]
[Black "Mamedov Edgar"]
[Result "0-1"]
[WhiteTitle ""]
[WhiteElo "2024"]
[WhiteCountry "GER"]
[WhiteFideId "24668150"]
[BlackTitle "CM"]
[BlackElo "1838"]
[BlackCountry "KAZ"]
[BlackFideId "13739980"]

1. d4 {[%clk 00:15:07]} d5 {[%clk 00:15:07]} 2. Bf4 {[%clk 00:15:10]} c5 {[%clk 00:15:09]} 3. e3 {[%clk 00:15:10]} Nc6 {[%clk 00:15:13]} 4. c3 {[%clk 00:15:05]} cxd4 {[%clk 00:14:52]} 5. exd4 {[%clk 00:14:57]} Bf5 {[%clk 00:14:50]} 6. Bd3 {[%clk 00:14:08]} Bxd3 {[%clk 00:14:51]} 7. Qxd3 {[%clk 00:14:12]} e6 {[%clk 00:14:55]} 8. Nd2 {[%clk 00:14:08]} Bd6 {[%clk 00:14:58]} 9. Bxd6 {[%clk 00:13:58]} Qxd6 {[%clk 00:15:01]} 10. Ngf3 {[%clk 00:13:57]} Nge7 {[%clk 00:14:59]} 11. O-O {[%clk 00:13:54]} O-O {[%clk 00:15:01]} 12. Rfe1 {[%clk 00:13:14]} Ng6 {[%clk 00:14:54]} 13. g3 {[%clk 00:12:36]} Rae8 {[%clk 00:14:17]} 14. Nb3 {[%clk 00:11:54]} f6 {[%clk 00:13:15]} 15. Rad1 {[%clk 00:11:47]} e5 {[%clk 00:12:45]} 16. dxe5 {[%clk 00:11:36]} fxe5 {[%clk 00:12:33]} 17. Ng5 {[%clk 00:10:52]} Rd8 {[%clk 00:12:04]} 18. h4 {[%clk 00:10:39]} Qf6 {[%clk 00:11:54]} 19. Rd2 {[%clk 00:09:44]} e4 {[%clk 00:11:16]} 20. Qe3 {[%clk 00:09:12]} h6 {[%clk 00:11:06]} 21. Nh3 {[%clk 00:08:40]} Nge5 {[%clk 00:10:43]} 22. Red1 {[%clk 00:08:24]} Nf3+ {[%clk 00:10:32]} 23. Kg2 {[%clk 00:08:27]} Nxd2 {[%clk 00:10:31]} 24. Rxd2 {[%clk 00:08:31]} Ne5 {[%clk 00:09:25]} 25. Qxa7 {[%clk 00:07:53]} Nc4 {[%clk 00:09:19]} 26. Rc2 {[%clk 00:07:33]} Qf3+ {[%clk 00:08:41]} 27. Kh2 {[%clk 00:07:35]} e3 {[%clk 00:07:21]} 28. Nd4 {[%clk 00:06:13]} Qe4 {[%clk 00:06:45]} 29. Qxb7 {[%clk 00:05:19]} Nd2 {[%clk 00:06:16]} 30. fxe3 {[%clk 00:02:34]} Nf3+ {[%clk 00:06:11]} 0-1

[Event "(QRT)"]
[Site ""]
[Date "1970-01-01"]
[Round "4.23"]
[White "Martirosyan Haik M."]
[Black "Python Noe"]
[Result "1-0"]
[WhiteTitle "GM"]
[WhiteElo "2478"]
[WhiteCountry "ARM"]
[WhiteFideId "13306553"]
[BlackTitle ""]
[BlackElo "1446"]
[BlackCountry "SUI"]
[BlackFideId "1337637"]

1. d4 {[%clk 00:15:08]} d6 {[%clk 00:14:57]} 2. e4 {[%clk 00:15:11]} Nf6 {[%clk 00:15:00]} 3. Nc3 {[%clk 00:15:14]} e5 {[%clk 00:15:04]} 4. Nf3 {[%clk 00:15:18]} Nbd7 {[%clk 00:15:08]} 5. Bc4 {[%clk 00:15:21]} Be7 {[%clk 00:15:12]} 6. O-O {[%clk 00:15:24]} O-O {[%clk 00:15:15]} 7. Re1 {[%clk 00:15:28]} c6 {[%clk 00:15:19]} 8. a4 {[%clk 00:15:31]} b6 {[%clk 00:15:13]} 9. d5 {[%clk 00:15:20]} cxd5 {[%clk 00:15:05]} 10. Nxd5 {[%clk 00:15:17]} Bb7 {[%clk 00:15:06]} 11. Nxf6+ {[%clk 00:13:54]} Nxf6 {[%clk 00:14:18]} 12. Bd3 {[%clk 00:13:54]} Qc7 {[%clk 00:13:41]} 13. c4 {[%clk 00:13:52]} Rac8 {[%clk 00:12:56]} 14. a5 {[%clk 00:13:42]} Nd7 {[%clk 00:12:37]} 15. a6 {[%clk 00:13:36]} Ba8 {[%clk 00:12:23]} 16. b4 {[%clk 00:13:38]} Rfd8 {[%clk 00:11:50]} 17. Be3 {[%clk 00:13:18]} h6 {[%clk 00:11:35]} 18. Nd2 {[%clk 00:13:18]} Bg5 {[%clk 00:11:31]} 19. Bxg5 {[%clk 00:13:16]} hxg5 {[%clk 00:11:34]} 20. Qg4 {[%clk 00:13:16]} f6 {[%clk 00:10:47]} 21. Qe6+ {[%clk 00:13:01]} Kh8 {[%clk 00:10:31]} 22. Re3 {[%clk 00:13:02]} Kh7 {[%clk 00:08:01]} 23. Rh3+ {[%clk 00:12:00]} Kg6 {[%clk 00:08:05]} 24. Nf3 {[%clk 00:12:00]} Nf8 {[%clk 00:07:14]} 25. Qf5+ {[%clk 00:12:05]} Kf7 {[%clk 00:07:16]} 26. Nxg5+ {[%clk 00:12:04]} Ke8 {[%clk 00:07:12]} 27. Ne6 {[%clk 00:12:02]} Qf7 {[%clk 00:05:32]} 28. Nxd8 {[%clk 00:11:52]} Rxd8 {[%clk 00:05:24]} 29. b5 {[%clk 00:11:21]} Ne6 {[%clk 00:04:55]} 30. Rh8+ {[%clk 00:11:25]} Ke7 {[%clk 00:04:59]} 31. Rxd8 {[%clk 00:11:28]} Kxd8 {[%clk 00:04:52]} 32. Qh3 {[%clk 00:11:18]} Qg8 {[%clk 00:04:37]} 33. Rd1 {[%clk 00:11:10]} Ke7 {[%clk 00:04:37]} 34. Qe3 {[%clk 00:11:05]} Nd4 {[%clk 00:04:11]} 35. Bf1 {[%clk 00:11:05]} Qe6 {[%clk 00:04:02]} 36. f3 {[%clk 00:11:06]} Qc8 {[%clk 00:03:56]} 37. Rxd4 {[%clk 00:11:02]} exd4 {[%clk 00:03:53]} 38. Qxd4 {[%clk 00:11:06]} Qc5 {[%clk 00:03:46]} 39. Qxc5 {[%clk 00:11:06]} dxc5 {[%clk 00:03:50]} 40. Kf2 {[%clk 00:11:10]} Ke6 {[%clk 00:03:51]} 41. Bd3 {[%clk 00:11:12]} Ke5 {[%clk 00:03:54]} 42. Ke3 {[%clk 00:11:16]} f5 {[%clk 00:03:58]} 43. exf5 {[%clk 00:11:15]} Kf6 {[%clk 00:03:44]} 44. Kf4 {[%clk 00:11:19]} 1-0

[Event "(QRT)"]
[Site ""]
[Date "1970-01-01"]
[Round "4.26"]
[White "Galerne Nicolas"]
[Black "Musaelyan Arshavir"]
[Result "*"]
[WhiteTitle ""]
[WhiteElo "1435"]
[WhiteCountry "SUI"]
[WhiteFideId "1347128"]
[BlackTitle ""]
[BlackElo "1985"]
[BlackCountry "SUI"]
[BlackFideId "1332082"]

1. e4 {[%clk 00:15:06]} c5 {[%clk 00:15:09]} 2. d4 {[%clk 00:15:10]} cxd4 {[%clk 00:15:12]} 3. c3 {[%clk 00:15:14]} Nf6 {[%clk 00:15:11]} 4. e5 {[%clk 00:15:04]} Nd5 {[%clk 00:15:15]} 5. cxd4 {[%clk 00:15:01]} d6 {[%clk 00:15:17]} 6. Nf3 {[%clk 00:14:37]} Nc6 {[%clk 00:15:19]} 7. Bb5 {[%clk 00:14:15]} Qa5+ {[%clk 00:14:38]} 8. Nc3 {[%clk 00:14:12]} Nxc3 {[%clk 00:14:40]} 9. Bxc6+ {[%clk 00:14:09]} bxc6 {[%clk 00:14:44]} 10. bxc3 {[%clk 00:14:07]} Qxc3+ {[%clk 00:14:23]} 11. Bd2 {[%clk 00:14:07]} Qd3 {[%clk 00:13:17]} 12. Qe2 {[%clk 00:13:14]} Ba6 {[%clk 00:13:07]} 13. Qxd3 {[%clk 00:13:13]} Bxd3 {[%clk 00:13:10]} 14. Be3 {[%clk 00:11:38]} e6 {[%clk 00:12:48]} 15. exd6 {[%clk 00:10:58]} Bxd6 {[%clk 00:12:46]} 16. Ne5 {[%clk 00:11:01]} Be4 {[%clk 00:12:26]} 17. f3 {[%clk 00:10:47]} Bd5 {[%clk 00:12:26]} 18. Rc1 {[%clk 00:10:01]} O-O {[%clk 00:07:07]} 19. Kf2 {[%clk 00:08:17]} Rfc8 {[%clk 00:05:09]} 20. Rc2 {[%clk 00:07:50]} Rc7 {[%clk 00:03:01]} 21. Rhc1 {[%clk 00:07:48]} Rac8 {[%clk 00:03:02]} 22. Nd3 {[%clk 00:06:47]} Kf8 {[%clk 00:02:48]} 23. Bf4 {[%clk 00:06:11]} Ke7 {[%clk 00:02:24]} 24. Bxd6+ {[%clk 00:06:08]} Kxd6 {[%clk 00:02:28]} 25. Nb4 {[%clk 00:06:02]} a5 {[%clk 00:01:53]} 26. Nxd5 {[%clk 00:05:39]} cxd5 {[%clk 00:01:42]} 27. Rxc7 {[%clk 00:05:32]} Rxc7 {[%clk 00:01:41]} 28. Rxc7 {[%clk 00:05:33]} Kxc7 {[%clk 00:01:50]} 29. Ke3 {[%clk 00:05:34]} a4 {[%clk 00:01:32]} 30. Kd3 {[%clk 00:05:35]} Kc6 {[%clk 00:01:32]} 31. Kc3 {[%clk 00:05:18]} Kb5 {[%clk 00:01:36]} 32. a3 {[%clk 00:05:17]} g5 {[%clk 00:01:06]} 33. g3 {[%clk 00:05:05]} h5 {[%clk 00:00:26]} 34. h4 {[%clk 00:05:01]} gxh4 {[%clk 00:00:29]} 35. gxh4 {[%clk 00:05:02]} f6 {[%clk 00:00:14]} 36. f4 {[%clk 00:05:05]} Ka5 {[%clk 00:00:15]} 37. Kd3 {[%clk 00:05:07]} Kb6 {[%clk 00:00:18]} 38. Kc3 {[%clk 00:05:09]} Kb5 {[%clk 00:00:22]} 39. Kd3 {[%clk 00:05:06]} e5 {[%clk 00:00:10]} 40. fxe5 {[%clk 00:04:54]} fxe5 {[%clk 00:00:09]} 41. dxe5 {[%clk 00:04:58]} Kc5 {[%clk 00:00:18]} 42. e6 {[%clk 00:05:00]} Kd6 {[%clk 00:00:21]} 43. Kd4 {[%clk 00:05:03]} Kxe6 {[%clk 00:00:24]} 44. Ke3 {[%clk 00:05:06]} Ke5 {[%clk 00:00:28]} 45. Kd3 {[%clk 00:05:09]} Kf4 {[%clk 00:00:26]} 46. Kd4 {[%clk 00:05:09]} Kg4 {[%clk 00:00:29]} 47. Kxd5 {[%clk 00:05:13]} Kxh4 {[%clk 00:00:33]} 48. Ke4 {[%clk 00:05:17]} Kg3 {[%clk 00:00:37]} *

[Event "(QRT)"]
[Site ""]
[Date "1970-01-01"]
[Round "4.31"]
[White "Mansoor Abdulmajeed"]
[Black "Abdulrahim Salem"]
[Result "0-1"]
[WhiteTitle ""]
[WhiteElo "1246"]
[WhiteCountry "UAE"]
[WhiteFideId "9327592"]
[BlackTitle ""]
[BlackElo "1620"]
[BlackCountry "UAE"]
[BlackFideId "9308946"]

1. Nf3 {[%clk 00:15:10]} c5 {[%clk 00:15:09]} 2. e4 {[%clk 00:15:10]} e6 {[%clk 00:15:13]} 3. g3 {[%clk 00:15:11]} Nc6 {[%clk 00:15:14]} 4. Bg2 {[%clk 00:15:12]} Be7 {[%clk 00:15:16]} 5. d3 {[%clk 00:15:11]} Nf6 {[%clk 00:15:19]} 6. O-O {[%clk 00:15:14]} O-O {[%clk 00:15:22]} 7. e5 {[%clk 00:15:13]} Nd5 {[%clk 00:15:16]} 8. c3 {[%clk 00:15:13]} f6 {[%clk 00:15:10]} 9. Re1 {[%clk 00:14:52]} fxe5 {[%clk 00:14:53]} 10. Nxe5 {[%clk 00:14:55]} Nxe5 {[%clk 00:14:40]} 11. Rxe5 {[%clk 00:14:58]} Bf6 {[%clk 00:14:42]} 12. Re1 {[%clk 00:14:59]} Rb8 {[%clk 00:14:15]} 13. Qb3 {[%clk 00:14:12]} Ne7 {[%clk 00:14:02]} 14. Bf4 {[%clk 00:14:14]} d6 {[%clk 00:13:42]} 15. a4 {[%clk 00:14:17]} Kh8 {[%clk 00:13:39]} 16. Na3 {[%clk 00:13:48]} Ng6 {[%clk 00:13:31]} 17. Be3 {[%clk 00:12:38]} d5 {[%clk 00:13:08]} 18. c4 {[%clk 00:11:52]} d4 {[%clk 00:12:58]} 19. Bd2 {[%clk 00:11:52]} a6 {[%clk 00:12:35]} 20. Bf4 {[%clk 00:10:06]} Nxf4 {[%clk 00:12:32]} 21. gxf4 {[%clk 00:10:08]} Bh4 {[%clk 00:12:22]} 22. Re4 {[%clk 00:10:00]} Qc7 {[%clk 00:11:07]} 23. f5 {[%clk 00:09:29]} Bxf2+ {[%clk 00:11:04]} 24. Kh1 {[%clk 00:09:29]} exf5 {[%clk 00:10:28]} 25. Re2 {[%clk 00:09:30]} Be3 {[%clk 00:10:27]} 26. Nc2 {[%clk 00:09:11]} f4 {[%clk 00:10:30]} 27. Rf1 {[%clk 00:09:03]} Bg4 {[%clk 00:10:12]} 28. Ref2 {[%clk 00:07:32]} Bxf2 {[%clk 00:09:57]} 29. Rxf2 {[%clk 00:07:36]} Rfe8 {[%clk 00:09:17]} 30. Be4 {[%clk 00:07:34]} Bd1 {[%clk 00:09:10]} 31. Rd2 {[%clk 00:07:20]} Bg4 {[%clk 00:08:30]} 32. Ne1 {[%clk 00:06:58]} Bd7 {[%clk 00:08:23]} 33. Kg1 {[%clk 00:04:16]} Bc6 {[%clk 00:08:24]} 34. Bxc6 {[%clk 00:04:19]} Rxe1+ {[%clk 00:08:26]} 35. Kf2 {[%clk 00:04:21]} Qxc6 {[%clk 00:08:29]} 36. Kxe1 {[%clk 00:04:20]} Qh1+ {[%clk 00:08:33]} 37. Ke2 {[%clk 00:04:23]} Qxh2+ {[%clk 00:08:35]} 38. Kd1 {[%clk 00:04:27]} Qg1+ {[%clk 00:08:31]} 39. Kc2 {[%clk 00:04:29]} f3 {[%clk 00:08:26]} 40. Qb6 {[%clk 00:03:27]} f2 {[%clk 00:08:27]} 41. Qd6 {[%clk 00:03:31]} Rg8 {[%clk 00:08:18]} 42. Rxf2 {[%clk 00:02:28]} Qxf2+ {[%clk 00:08:21]} 43. Kb3 {[%clk 00:02:31]} Qd2 {[%clk 00:08:04]} 44. Qd5 {[%clk 00:00:44]} Qb4+ {[%clk 00:08:03]} 45. Ka2 {[%clk 00:00:45]} Qxa4+ {[%clk 00:08:06]} 46. Kb1 {[%clk 00:00:48]} Re8 {[%clk 00:08:01]} 0-1

[Event "(QRT)"]
[Site ""]
[Date "1970-01-01"]
[Round "4.37"]
[White "Keymer Cecilia"]
[Black "Cawthen Fred"]
[Result "1-0"]
[WhiteTitle ""]
[WhiteElo "1518"]
[WhiteCountry "GER"]
[WhiteFideId "16233468"]
[BlackTitle ""]
[BlackElo "1703"]
[BlackCountry "ENG"]
[BlackFideId "415464"]

1. d4 {[%clk 00:15:05]} Nf6 {[%clk 00:15:08]} 2. c4 {[%clk 00:15:08]} c5 {[%clk 00:15:11]} 3. d5 {[%clk 00:15:07]} b5 {[%clk 00:15:13]} 4. cxb5 {[%clk 00:15:10]} a6 {[%clk 00:15:17]} 5. bxa6 {[%clk 00:15:08]} d6 {[%clk 00:15:15]} 6. Nc3 {[%clk 00:14:49]} Bxa6 {[%clk 00:15:12]} 7. e4 {[%clk 00:14:19]} Bxf1 {[%clk 00:15:12]} 8. Kxf1 {[%clk 00:14:18]} g6 {[%clk 00:15:14]} 9. Nf3 {[%clk 00:13:14]} Bg7 {[%clk 00:15:17]} 10. g3 {[%clk 00:13:03]} O-O {[%clk 00:15:04]} 11. Kg2 {[%clk 00:12:54]} Nbd7 {[%clk 00:15:06]} 12. Qe2 {[%clk 00:12:26]} Ng4 {[%clk 00:14:17]} 13. h3 {[%clk 00:10:02]} Nge5 {[%clk 00:14:20]} 14. Nxe5 {[%clk 00:09:41]} Nxe5 {[%clk 00:14:20]} 15. Be3 {[%clk 00:08:16]} Qa5 {[%clk 00:12:12]} 16. a4 {[%clk 00:07:44]} Rfb8 {[%clk 00:11:50]} 17. Nb5 {[%clk 00:07:33]} c4 {[%clk 00:10:21]} 18. Bd2 {[%clk 00:06:35]} Qb6 {[%clk 00:08:42]} 19. Bc3 {[%clk 00:06:17]} Rb7 {[%clk 00:08:18]} 20. Qc2 {[%clk 00:05:14]} Qa6 {[%clk 00:07:42]} 21. Rhb1 {[%clk 00:04:34]} Rxb5 {[%clk 00:07:31]} 22. axb5 {[%clk 00:04:18]} Qxa1 {[%clk 00:07:33]} 23. Rxa1 {[%clk 00:04:17]} Rxa1 {[%clk 00:07:36]} 24. f4 {[%clk 00:03:13]} Nd7 {[%clk 00:07:38]} 25. Bxg7 {[%clk 00:03:07]} Kxg7 {[%clk 00:07:30]} 26. Qxc4 {[%clk 00:03:07]} Ra8 {[%clk 00:07:30]} 27. Qc6 {[%clk 00:02:48]} Ra2 {[%clk 00:07:01]} 28. Qxd7 {[%clk 00:02:39]} Rxb2+ {[%clk 00:07:03]} 29. Kf1 {[%clk 00:02:42]} Kf6 {[%clk 00:06:45]} 30. Qc6 {[%clk 00:02:38]} Rb3 {[%clk 00:06:37]} 31. b6 {[%clk 00:02:22]} Rb1+ {[%clk 00:06:40]} 32. Ke2 {[%clk 00:02:22]} Rb2+ {[%clk 00:06:42]} 33. Kd1 {[%clk 00:02:25]} Rh2 {[%clk 00:06:44]} 34. b7 {[%clk 00:02:12]} 1-0